000 00735nam a2200241Ia 4500
003 OSt
005 20221005131857.0
006 a|||||r|||| 00| 0
007 ta
008 221004b |||||||| |||| 00| 0 per d
024 _a56050
037 _cTextual
040 _aCRL
_cCRL
_bper
041 _2per
_aper
082 _aV2:1:J9, 164F4.1-.4
100 _aNizamuddin Ahmad
245 0 _aTabaqat-i-Akbari
_b A history of India from the early Musalman invansions to the thirty-eighth year of the regin of Akbar, ed by B De. 3V.
260 _c1924
490 _aBibliotheca indica; 223
650 _aINDIA - HISTORY
942 _hV2:1:J9, 164F4.1-.4
_cTEXL
_2cc
999 _c1061712
_d1061712